La mezquita de Cordoba / (Registro nro. 128275)

Detalles MARC
000 -LEADER
campo de control de longitud fija 00794nam a2200253 i 4500
001 - NÚMERO DE CONTROL
campo de control 128275
003 - IDENTIFICADOR DE NÚMERO DE CONTROL
campo de control ES-MaACL
005 - FECHA Y HORA DE LA ÚLTIMA TRANSACCIÓN
campo de control 20250912063050.0
007 - CAMPO FIJO DE DESCRIPCIÓN FÍSICA--INFORMACIÓN GENERAL
campo de control de longitud fija t|
008 - DATOS DE LONGITUD FIJA--INFORMACIÓN GENERAL
campo de control de longitud fija 070628s1985 sp ||||1| spa d
020 ## - NÚMERO INTERNACIONAL ESTÁNDAR DEL LIBRO
Número Internacional Estándar del Libro 84-241-4711-1
080 ## - NÚMERO DE LA CLASIFICACIÓN DECIMAL UNIVERSAL
Número de la Clasificación Decimal Universal 726.2(460.351 C.)
100 1# - ENTRADA PRINCIPAL--NOMBRE DE PERSONA
Nombre de persona Castejón y Martínez de Arizala, Rafael.
9 (RLIN) 36467
245 13 - MENCIÓN DEL TÍTULO
Título La mezquita de Cordoba /
Mención de responsabilidad, etc. Rafael Castejón y Martínez de Arizala.
250 ## - MENCION DE EDICION
Mención de edición 9ª ed.
260 ## - PUBLICACIÓN, DISTRIBUCIÓN, ETC.
Lugar de publicación, distribución, etc. Madrid :
Nombre del editor, distribuidor, etc. Everest,
Fecha de publicación, distribución, etc. [1985]
300 ## - DESCRIPCIÓN FÍSICA
Extensión 62 p. :
Otras características físicas il. ;
Dimensiones 15 cm.
490 1# - MENCIÓN DE SERIE
Mención de serie Colección ibérica (Editorial Everest)
RLIN 175605
500 ## - NOTA GENERAL
Nota general Biblioteca Jacinto Martínez Lacalle.
610 2# - PUNTO DE ACCESO ADICIONAL DE MATERIA--NOMBRE DE ENTIDAD CORPORATIVA
Nombre de entidad corporativa o nombre de jurisdicción como elemento de entrada Mezquita-catedral de Córdoba.
9 (RLIN) 146676
852 ## - LOCALIZACIÓN
Ubicación ES-MaACL
Número de control de estantería E-11775
Sublocalización o colección R.139750
942 ## - ELEMENTOS DE ENTRADA SECUNDARIOS (KOHA)
Fuente del sistema de clasificación o colocación Clasificación decimal universal
Existencias
Estatus retirado Estado de pérdida Estado de daño No para préstamo Biblioteca de origen Biblioteca actual Ubicación en estantería Fecha de adquisición Fuente de adquisición Total de préstamos Signatura topográfica completa Código de barras Visto por última vez Precio de reemplazo Tipo de ítem Koha
        Biblioteca del Ateneo de Madrid Biblioteca del Ateneo de Madrid Depósito 2 17/01/2008     E-11775 1133601 23/02/2023 23/02/2023 Libro impreso